Reingeniería : olvide lo que usted sabe sobre cómo debe funcionar una empresa : ¡casi todo está errado! /

Guardat en:
Dades bibliogràfiques
Autor principal: Hammer, Michael (autor)
Altres autors: Champy, James (autor) (autor)
Format: Llibre
Idioma:espanyol
Publicat: Bogotá, Colombia : Norma, 1994, c1994
Matèries:
Etiquetes: Afegir etiqueta
Sense etiquetes, Sigues el primer a etiquetar aquest registre!

MARC

LEADER 00000nam^a2200000^a^4500
001 000039382
005 20250521000000.0
009 20260310085541.461
020 |a 958-04-2650-3 
025 |a Donación Pedro Núñez, 1 ejemplar 
037 |a Acervo ITESO - Biblioteca 
041 |a ESP 
082 |a 658. 4063  |b HAM 
100 |a Hammer, Michael  |e (autor) 
240 1 1 |a [Reingeniería, de Hammer y Champy] 
245 1 0 |a Reingeniería :  |b olvide lo que usted sabe sobre cómo debe funcionar una empresa : ¡casi todo está errado! /  |c M. Hammer, J. Champy ; tr. por Jorge Cárdenas Nannetti. 
264 4 |a Bogotá, Colombia :  |b Norma,  |c 1994, c1994 
300 |a 226 p. 
336 |a texto  |b txt  |2 rdacontenido 
337 |a sin mediación  |b n  |2 rdamedio 
338 |a volumen  |b nc  |2 rdasoporte 
500 |a Traducción de: Reengineering the Corporation: A Manifesto for Business Revolution 
649 |a XX 
650 |a Reingeniería -  |x Tema Principal 
650 |a Cambio Organizacional 
650 |a Proceso Administrativo -  |x Dirección 
650 |a Administración 
650 |a Ciencias Administrativas 
700 |a Champy, James  |e (autor) 
910 |a Fondo General 
920 |a Impresos - Libros 
930 |a Colección General 
905 |a 101 
901 |a 0500169075  |b IT1  |c ACC  |i D  |u 20250521 
902 |a https://opac.biblio.iteso.mx/vufind/Record/000039382